00573nam a22001697a 450000500170000001000150001702000260003203500140005803700090007208200110008110000230009224500740011525000060018926000360019527001520023130000200038320260612164548.0 aENG-148834 c900.00a9788119664887 aEN-132366 bDBAD a26821 aChoondal, Gilbert  aReadings in Catechetics:bA Complete Resource Book/cGilbert Choondal a1 bATC PublishersaBengaluruc2024 aSt's Mary Block, Archdiocesan,Pastoral Center,#5, Nandidurga Road,Benson TownbBengalurue560046k+918025491999k7090100444minfo@atcpublishers.com a617p.c21cm(pb)